<?xml version="1.0" encoding="UTF-8"?>
<collection xmlns="http://www.loc.gov/MARC21/slim">
 <record>
  <leader>02416nab a2200337 i 4500</leader>
  <controlfield tag="001">publ11682</controlfield>
  <controlfield tag="005">20191128124134.0</controlfield>
  <controlfield tag="008">170703s2017    hu      o     0||   zxx d</controlfield>
  <datafield tag="022" ind1=" " ind2=" ">
   <subfield code="a">1590-1874</subfield>
  </datafield>
  <datafield tag="024" ind1="7" ind2=" ">
   <subfield code="a">10.1007/s10072-016-2776-6</subfield>
   <subfield code="2">doi</subfield>
  </datafield>
  <datafield tag="024" ind1="7" ind2=" ">
   <subfield code="a">3147588</subfield>
   <subfield code="2">mtmt</subfield>
  </datafield>
  <datafield tag="040" ind1=" " ind2=" ">
   <subfield code="a">SZTE Publicatio Repozitórium</subfield>
   <subfield code="b">hun</subfield>
  </datafield>
  <datafield tag="041" ind1=" " ind2=" ">
   <subfield code="a">zxx</subfield>
  </datafield>
  <datafield tag="100" ind1="1" ind2=" ">
   <subfield code="a">Zádori Dénes</subfield>
  </datafield>
  <datafield tag="245" ind1="1" ind2="0">
   <subfield code="a">Different phenotypes in identical twins with cerebrotendinous xanthomatosis</subfield>
   <subfield code="h">[elektronikus dokumentum] :</subfield>
   <subfield code="b">case series /</subfield>
   <subfield code="c"> Zádori Dénes</subfield>
  </datafield>
  <datafield tag="260" ind1=" " ind2=" ">
   <subfield code="a">Springer-Verlag</subfield>
   <subfield code="c">2017</subfield>
  </datafield>
  <datafield tag="300" ind1=" " ind2=" ">
   <subfield code="a">481-483</subfield>
  </datafield>
  <datafield tag="490" ind1="0" ind2=" ">
   <subfield code="a">NEUROLOGICAL SCIENCES</subfield>
   <subfield code="v">38 No. 3</subfield>
  </datafield>
  <datafield tag="520" ind1="3" ind2=" ">
   <subfield code="a">Cerebrotendinous xanthomatosis (CTX) is a rare, genetically  determined error of metabolism. The characteristic clinical  symptoms are diarrhea, juvenile cataracts, tendon xanthomas  and neuropsychiatric alterations. The aim of this study is to  present a pair of identical adult twins with considerable  differences in the severity of phenotype. With regards to  neuropsychiatric symptoms, the predominant features were  severe Parkinsonism and moderate cognitive dysfunctions in  the more-affected individual, whereas these alterations in  the less-affected patient were only very mild and mild,  respectively. The characteristic increase in the  concentrations of serum cholestanol and the lesion volumes in  dentate nuclei in the brain assessed with magnetic resonance  imaging were quite similar in both cases. The lifestyle  conditions, including eating habits of the twin pair, were  quite similar as well; therefore, currently unknown genetic  modifiers or certain epigenetic factors may be responsible  for the differences in severity of phenotype. This case  series serves as the first description of an identical twin  pair with CTX presenting heterogeneous clinical features.</subfield>
  </datafield>
  <datafield tag="700" ind1="0" ind2="1">
   <subfield code="a">Szpisjak László</subfield>
   <subfield code="e">aut</subfield>
  </datafield>
  <datafield tag="700" ind1="0" ind2="1">
   <subfield code="a">Madar László</subfield>
   <subfield code="e">aut</subfield>
  </datafield>
  <datafield tag="700" ind1="0" ind2="1">
   <subfield code="a">Varga Viktória Evelin</subfield>
   <subfield code="e">aut</subfield>
  </datafield>
  <datafield tag="700" ind1="0" ind2="1">
   <subfield code="a">Csányi Bernadett</subfield>
   <subfield code="e">aut</subfield>
  </datafield>
  <datafield tag="700" ind1="0" ind2="1">
   <subfield code="a">Bencsik Krisztina</subfield>
   <subfield code="e">aut</subfield>
  </datafield>
  <datafield tag="700" ind1="0" ind2="1">
   <subfield code="a">Balogh István</subfield>
   <subfield code="e">aut</subfield>
  </datafield>
  <datafield tag="700" ind1="0" ind2="1">
   <subfield code="a">Harangi Mariann</subfield>
   <subfield code="e">aut</subfield>
  </datafield>
  <datafield tag="700" ind1="0" ind2="1">
   <subfield code="a">Kereszty Éva Margit</subfield>
   <subfield code="e">aut</subfield>
  </datafield>
  <datafield tag="700" ind1="0" ind2="1">
   <subfield code="a">Vécsei László</subfield>
   <subfield code="e">aut</subfield>
  </datafield>
  <datafield tag="700" ind1="0" ind2="1">
   <subfield code="a">Klivényi Péter</subfield>
   <subfield code="e">aut</subfield>
  </datafield>
  <datafield tag="856" ind1="4" ind2="0">
   <subfield code="u">http://publicatio.bibl.u-szeged.hu/11682/1/Zadori_D._NEUS_D_16_00859_R1_u_.pdf</subfield>
   <subfield code="z">Dokumentum-elérés </subfield>
  </datafield>
  <datafield tag="856" ind1="4" ind2="0">
   <subfield code="u">http://publicatio.bibl.u-szeged.hu/11682/7/Neurol_sci_2017_3_tartj.pdf</subfield>
   <subfield code="z">Dokumentum-elérés </subfield>
  </datafield>
 </record>
</collection>
